000 00456nam a2200157Ia 4500
008 160316s1978 xxu||||| |||| 00| 0 eng d
082 _a340.200000
_bSZA
100 _aSzabo Imre
245 _aComparitive law droit compare 1978 : Selected essays for the 10th International Congress of comparitive law
250 _a
260 _aBudpest
_bAkademiai Kiado
_c1978
300 _a438p
_b20 cm
_c
365 _b$38.00
650 _a
700 _aPeteri Zoltan
_a
999 _c4008
_d4008